| 000 | 02965cam a22002174a 4500 | ||
|---|---|---|---|
| 005 | 20250605164146.0 | ||
| 008 | 250528s ||||||||||||||||||||||||d | ||
| 035 | _a19167 | ||
| 020 | _a9604022180 | ||
| 040 |
_aGR-AtMCL _bgre _dGR-AtMCL _eAACR2 |
||
| 245 | 1 | _aΟικονομική για Επιχειρησιακές Σπουδές / Ανταγωνισμός, Μακροσταθερότητα και Παγκοσμιοποίηση | |
| 250 | _a1η | ||
| 260 |
_bΤυπωθήτω, _c2005 |
||
| 300 | _a834 | ||
| 520 | _aΤο παρόν βιβλίο εστιάζεται στους τρεις θεμελιώδεις άξονες της οικονομικής επιστήμης: τον ανταγωνισμό εντός συστήματος της αγοράς, τη μακροοικονομική θεωρία και, τέλος, τα οικονομικά της ανοιχτής οικονομίας και της παγκοσμιοποίησης. Πρόλογος, Η Ομοφωνία σε Θέματα Οικονομικής Πολιτικής, Τι Προκαλεί τη Μεγέθυνση των Εθνικών Οικονομιών;, Το Σύστημα της Αγοράς και ο Ανταγωνισμός, Η Λειτουργία του Συστήματος της Αγοράς, Αγοραία Ζήτηση και Τιμολόγηση, Η Επιχείρηση σε μια Ανταγωνιστική Αγορά, Η Οικονομική της Αγοραίας Δύναμης, Η Κρατική Παρέμβαση και το Σύστημα της Αγοράς, Οι Επιχειρήσεις και το Περιβάλλον, Η Πρόσληψη Εργαζομένων και οι Επενδυτικές Αποφάσεις, Το Μακροοικονομικό Πλαίσιο, Συνολική Προσφορά και Συνολική Ζήτηση και το Επίπεδο Τιμών, Η Κατανόηση των Επιτοκίων και της Νομισματικής Πολιτικής, Η Ανεργία και η Αγορά Εργασίας, Δημοσιονομική Πολιτική και Ελλείματα Προϋπολογισμού και Δημόσιο Χρέος, Επιχειρηματικές Δικυμάνσεις και Προβλέψεις, Η Παγκόσμια Οικονομία, Εξωτερικό Εμπόριο: Υποδείγματα και Πολιτική, Κεφαλαιακές Ροές και Ξένες Επενδύσεις, Η Μετανάστευση της Εργασίας, Το Ισοζύγιο Πληρωμών και η Σημασία του, Αντιμετωπίζοντας τις Συναλλαγματικές Ισοτιμίες, Τα Καθεστώτα Συναλλαγματικών Ισοτιμιών και το Ευρώ, Ευρετήριο. | ||
| 700 | 1 |
_aMcaleese Dermot _93389 |
|
| 700 | 1 |
_aΔρυμπέτας Ευάγγελος _95409 |
|
| 942 | _cBK | ||
| 999 |
_c4441 _d4441 |
||